000 00671nam a2200253Ia 4500
003 OSt
005 20221007071417.0
006 a|||||r|||| 00| 0
007 ta
008 221006b |||||||| |||| 00| 0 eng d
024 _a10,477
037 _cTextual
040 _aFLL
_cFLL
_beng
041 _2eng
_aeng
082 _aMX411.3, K9
100 _aBaker E.R. Au.
_9688720
245 0 _aPolice promotion hand books
250 _a2nd
260 _aLondon
_bButterworths London
_c1969
300 _axiv,338p
_ccm.
700 _a Wilkie Au.
_9688721
942 _hMX411.3, K9
_cTEXL
_2CC
999 _c1143279
_d1143279